| 000 | 005430000a22001930004500 | ||
|---|---|---|---|
| 003 | LK-CoMWRAF | ||
| 005 | 20231206111126.0 | ||
| 008 | 230817t2004 ||||| |||| 00| 0 eng d | ||
| 020 | _a9558080020 | ||
| 040 |
_aLK-CoMWRAF _dLK-CoMWRAF _eLK-CoMWRAF |
||
| 041 | _aeng | ||
| 082 |
_a323.1 _bGUN |
||
| 100 | _aGunasekara, S.L. | ||
| 245 |
_aAbomination: _b[about the demand for an ISGA], |
||
| 260 |
_aColombo: _bThe National Joint Committee, _c[2004] |
||
| 300 | _a114 p. ; 23 cm. | ||
| 650 | _aPOLITICS AND GOVERNMENT-Sri Lanka | ||
| 942 | _cBK | ||
| 999 |
_c1119 _d1119 |
||